000
00279nam a22001217a 4500
082
_a
894.812
_b
ROS/S
100
_a
ROSE.C.R
245
_a
SAHITHYA QUIZ
260
_a
THIRUVANANTHAPURAM
_b
PRABHATHAM PRINTING & PUBLISHING CO
300
_a
122
650
_a
QUIZ
_z
KERALA
942
_c
BK
999
_c
1064
_d
1064